| 000 | 01093cam a22002651a 4500 | ||
|---|---|---|---|
| 001 | af 48000087 | ||
| 003 | DLC | ||
| 005 | 20260227110841.0 | ||
| 008 | 890508s1941 gw b 000 0 ger c | ||
| 010 | _aaf 48000087 | ||
| 035 | _a(OCoLC)19673990 | ||
| 040 |
_aIllinois Univ. Library _cNcD _dNcD _dDLC |
||
| 042 | _apremarc | ||
| 050 | 0 | 0 |
_aDD253 _b.E4 |
| 100 | 1 | _aEitze, Werner. | |
| 245 | 1 | 0 |
_aVom Wesen und den Formen der Schulung in der Ortsgruppe der NSDAP : _bein Beitrag zur Klärung der Funktion der weltanschaulich-politischen Erziehungsarbeit / _cvon Werner Eitze ; mit einem Geleitwort von Hugo Stratmann und Prof. Dr. Deuchler. |
| 260 |
_aHamburg : _bM. Riegel, _c1941. |
||
| 300 |
_a95 p. ; _c23 cm. |
||
| 440 | 0 |
_aErziehungswissenschaftliche und Psychologische Studien ; _vHeft 19 |
|
| 500 | _a"Von der Philosophischen Fakultät der Hansischen Universität [Hamburg] angenommenen Dissertation"--T.p. verso. | ||
| 504 | _aBibliography: p. 92. | ||
| 610 | 2 | 0 | _aNationalsozialistische Deutsche Arbeiter-Partei. |
| 650 | 0 | _aNational socialism. | |
| 650 | 0 |
_aEducation _zGermany. |
|
| 999 |
_c3920 _d3920 |
||